[Event "DEM U14 2024"]
[Site "Willingen GER"]
[Date "2024.05.21"]
[Round "4"]
[White "Xue, Luka"]
[Black "Sydykov, Bayastan"]
[Result "0-1"]
[Termination "normal"]
[Board "4"]
[WhiteElo "2097"]
[BlackElo "2181"]
[WhiteClock "00:15:43"]
[BlackClock "00:41:48"]
[PlyCount "46"]
[WhiteFideId "16277252"]
[BlackFideId "13829610"]
[EventCountry "GER"]
[EventRounds "9"]
[EventType "swiss"]
[EventDate "2024.05.18"]

1. d4 {[%clk 01:30:49]} {[%emt 00:00:10]} d5 {[%clk 01:30:50]} {[%emt
00:00:10]} 2. c4 {[%clk 01:30:38]} {[%emt 00:00:41]} e6 {[%clk 01:31:14]}
{[%emt 00:00:06]} 3. Nc3 {[%clk 01:31:05]} {[%emt 00:00:04]} Nf6 {[%clk
01:31:31]} {[%emt 00:00:12]} 4. cxd5 {[%clk 01:31:31]} {[%emt 00:00:04]} exd5
{[%clk 01:31:59]} {[%emt 00:00:03]} 5. Bg5 {[%clk 01:31:55]} {[%emt 00:00:06]}
Be7 {[%clk 01:32:08]} {[%emt 00:00:21]} 6. e3 {[%clk 01:32:20]} {[%emt
00:00:04]} O-O {[%clk 01:32:13]} {[%emt 00:00:25]} 7. Bd3 {[%clk 01:32:38]}
{[%emt 00:00:13]} h6 {[%clk 01:32:35]} {[%emt 00:00:07]} 8. Bh4 {[%clk
01:31:29]} {[%emt 00:01:39]} Re8 {[%clk 01:33:00]} {[%emt 00:00:06]} 9. Qc2
{[%clk 01:31:10]} {[%emt 00:00:49]} c6 {[%clk 01:33:13]} {[%emt 00:00:17]} 10.
Nge2 {[%clk 01:26:37]} {[%emt 00:05:02]} Nbd7 {[%clk 01:32:54]} {[%emt
00:00:50]} 11. f3 {[%clk 01:23:54]} {[%emt 00:03:12]} b5 {[%clk 01:33:13]}
{[%emt 00:00:11]} 12. O-O {[%clk 01:23:13]} {[%emt 00:01:11]} Bb7 {[%clk
01:31:16]} {[%emt 00:02:28]} 13. h3 {[%clk 01:21:07]} {[%emt 00:02:36]} a6
{[%clk 01:30:13]} {[%emt 00:01:33]} 14. e4 {[%clk 01:15:16]} {[%emt 00:06:20]}
b4 {[%clk 01:29:36]} {[%emt 00:01:08]} 15. Na4 {[%clk 01:11:19]} {[%emt
00:04:27]} dxe4 {[%clk 01:29:21]} {[%emt 00:00:45]} 16. fxe4 {[%clk 01:10:44]}
{[%emt 00:01:04]} Nxe4 {[%clk 00:47:30]} {[%emt 00:42:21]} 17. Bxe4 {[%clk
00:49:35]} {[%emt 00:21:39]} Bxh4 {[%clk 00:47:53]} {[%emt 00:00:07]} 18. Bh7+
{[%clk 00:40:59]} {[%emt 00:09:05]} Kh8 {[%clk 00:48:16]} {[%emt 00:00:08]} 19.
Rxf7 {[%clk 00:38:55]} {[%emt 00:02:33]} Re7 {[%clk 00:47:06]} {[%emt
00:01:41]} 20. Raf1 {[%clk 00:35:41]} {[%emt 00:03:44]} Rxf7 {[%clk 00:46:45]}
{[%emt 00:00:52]} 21. Rxf7 {[%clk 00:36:04]} {[%emt 00:00:07]} Qe8 {[%clk
00:46:42]} {[%emt 00:00:33]} 22. Qf5 {[%clk 00:18:40]} {[%emt 00:17:54]} Qxe2
{[%clk 00:41:44]} {[%emt 00:05:27]} 23. Qxd7 {[%clk 00:15:43]} {[%emt
00:03:27]} Qe3+ {[%clk 00:41:48]} {[%emt 00:00:26]} 0-1

[Event "DEM U14 2024"]
[Site "Willingen GER"]
[Date "2024.05.21"]
[Round "4"]
[White "Schwitkowski, Luka"]
[Black "Nemitz, Alfred"]
[Result "0-1"]
[Termination "normal"]
[Board "5"]
[BlackTitle "FM"]
[WhiteElo "2028"]
[BlackElo "2220"]
[WhiteClock "00:28:09"]
[BlackClock "00:33:00"]
[PlyCount "118"]
[WhiteFideId "34610669"]
[BlackFideId "34601791"]
[EventCountry "GER"]
[EventRounds "9"]
[EventType "swiss"]
[EventDate "2024.05.18"]

1. e4 {[%clk 01:30:41]} {[%emt 00:00:16]} e5 {[%clk 01:30:42]} {[%emt
00:00:20]} 2. Nc3 {[%clk 01:30:55]} {[%emt 00:00:16]} Nc6 {[%clk 01:17:00]}
{[%emt 00:14:12]} 3. g3 {[%clk 01:31:14]} {[%emt 00:00:11]} Bc5 {[%clk
01:16:42]} {[%emt 00:00:48]} 4. Bg2 {[%clk 01:31:37]} {[%emt 00:00:07]} d6
{[%clk 01:16:54]} {[%emt 00:00:18]} 5. Nge2 {[%clk 01:31:26]} {[%emt 00:00:41]}
h5 {[%clk 01:17:14]} {[%emt 00:00:10]} 6. h3 {[%clk 01:31:40]} {[%emt
00:00:15]} Be6 {[%clk 01:13:27]} {[%emt 00:04:17]} 7. O-O {[%clk 01:11:34]}
{[%emt 00:20:36]} Nh6 {[%clk 00:50:58]} {[%emt 00:23:00]} 8. Nd5 {[%clk
00:37:46]} {[%emt 00:34:18]} Qd7 {[%clk 00:41:05]} {[%emt 00:10:22]} 9. c3
{[%clk 00:29:29]} {[%emt 00:08:48]} a6 {[%clk 00:33:41]} {[%emt 00:07:55]} 10.
d4 {[%clk 00:28:09]} {[%emt 00:01:49]} Ba7 {[%clk 00:33:50]} {[%emt 00:00:20]}
11. Bg5 {[%clk 00:27:41]} {[%emt 00:01:00]} Bxd5 {[%clk 00:28:19]} {[%emt
00:06:01]} 12. exd5 {[%clk 00:27:59]} {[%emt 00:00:11]} Ne7 {[%clk 00:28:36]}
{[%emt 00:00:13]} 13. dxe5 {[%clk 00:16:19]} {[%emt 00:12:11]} dxe5 {[%clk
00:28:34]} {[%emt 00:00:32]} 14. Be3 {[%clk 00:07:50]} {[%emt 00:08:59]} Bxe3
{[%clk 00:27:51]} {[%emt 00:01:13]} 15. fxe3 {[%clk 00:07:03]} {[%emt
00:01:17]} O-O-O {[%clk 00:27:02]} {[%emt 00:01:19]} 16. c4 {[%clk 00:05:41]}
{[%emt 00:01:53]} h4 {[%clk 00:26:53]} {[%emt 00:00:38]} 17. Qb3 {[%clk
00:04:12]} {[%emt 00:01:59]} g5 {[%clk 00:16:03]} {[%emt 00:11:20]} 18. Rad1
{[%clk 00:03:18]} {[%emt 00:01:23]} g4 {[%clk 00:15:09]} {[%emt 00:01:25]} 19.
c5 {[%clk 00:02:59]} {[%emt 00:00:49]} Qb5 {[%clk 00:11:46]} {[%emt 00:03:53]}
20. Qxb5 {[%clk 00:02:38]} {[%emt 00:00:51]} axb5 {[%clk 00:12:10]} {[%emt
00:00:06]} 21. e4 {[%clk 00:02:51]} {[%emt 00:00:17]} gxh3 {[%clk 00:10:13]}
{[%emt 00:02:27]} 22. Bxh3+ {[%clk 00:03:14]} {[%emt 00:00:07]} Kb8 {[%clk
00:10:42]} 23. Rd3 {[%clk 00:01:12]} {[%emt 00:02:31]} Rhg8 {[%clk 00:09:01]}
{[%emt 00:02:13]} 24. Rf6 {[%clk 00:01:01]} {[%emt 00:00:40]} Ng6 {[%clk
00:08:19]} {[%emt 00:01:12]} 25. Kh2 {[%clk 00:01:19]} {[%emt 00:00:12]} Rg7
{[%clk 00:06:34]} {[%emt 00:02:16]} 26. d6 {[%clk 00:01:04]} {[%emt 00:00:44]}
hxg3+ {[%clk 00:05:33]} {[%emt 00:01:31]} 27. Rxg3 {[%clk 00:01:15]} {[%emt
00:00:19]} Ng8 {[%clk 00:05:15]} {[%emt 00:00:47]} 28. Rff3 {[%clk 00:00:58]}
{[%emt 00:00:47]} cxd6 {[%clk 00:05:10]} {[%emt 00:00:37]} 29. Rd3 {[%clk
00:01:15]} {[%emt 00:00:11]} Nf6 {[%clk 00:05:18]} {[%emt 00:00:22]} 30. Bf5
{[%clk 00:01:31]} {[%emt 00:00:14]} Rh8+ {[%clk 00:05:08]} {[%emt 00:00:41]}
31. Kg1 {[%clk 00:01:12]} {[%emt 00:00:49]} dxc5 {[%clk 00:05:33]} {[%emt
00:00:04]} 32. Rd6 {[%clk 00:01:12]} {[%emt 00:00:31]} Nh5 {[%clk 00:05:21]}
{[%emt 00:00:42]} 33. Rg2 {[%clk 00:01:30]} {[%emt 00:00:11]} Ne7 {[%clk
00:04:09]} {[%emt 00:01:43]} 34. Rxg7 {[%clk 00:01:16]} {[%emt 00:00:43]} Nxg7
{[%clk 00:04:38]} {[%emt 00:00:01]} 35. Rf6 {[%clk 00:00:48]} {[%emt 00:00:58]}
Nexf5 {[%clk 00:04:27]} {[%emt 00:00:42]} 36. exf5 {[%clk 00:01:10]} {[%emt
00:00:07]} Rh5 {[%clk 00:04:49]} {[%emt 00:00:08]} 37. Rxf7 {[%clk 00:01:15]}
{[%emt 00:00:26]} Nxf5 {[%clk 00:04:41]} {[%emt 00:00:38]} 38. Nc3 {[%clk
00:01:35]} {[%emt 00:00:09]} Nd6 {[%clk 00:02:58]} {[%emt 00:02:12]} 39. Rf8+
{[%clk 00:01:42]} {[%emt 00:00:24]} Kc7 {[%clk 00:02:43]} {[%emt 00:00:44]} 40.
Nd5+ {[%clk 00:00:45]} {[%emt 00:01:27]} Kc6 {[%clk 00:03:02]} {[%emt
00:00:12]} 41. Ne3 {[%clk 00:00:32]} {[%emt 00:00:43]} Rh3 {[%clk 00:00:38]}
{[%emt 00:02:52]} 42. Nf1 {[%clk 00:30:19]} {[%emt 00:00:44]} b4 {[%clk
00:29:00]} {[%emt 00:02:08]} 43. Kg2 {[%clk 00:29:06]} {[%emt 00:01:43]} Rd3
{[%clk 00:28:53]} {[%emt 00:00:38]} 44. Kf2 {[%clk 00:28:56]} {[%emt 00:00:38]}
b3 {[%clk 00:28:49]} {[%emt 00:00:36]} 45. Ra8 {[%clk 00:27:21]} {[%emt
00:02:04]} Nc4 {[%clk 00:27:54]} {[%emt 00:01:23]} 46. Ke2 {[%clk 00:26:38]}
{[%emt 00:01:16]} Rh3 {[%clk 00:28:02]} {[%emt 00:00:21]} 47. axb3 {[%clk
00:26:16]} {[%emt 00:00:52]} Rxb3 {[%clk 00:28:30]} {[%emt 00:00:03]} 48. Rc8+
{[%clk 00:26:11]} {[%emt 00:00:34]} Kb5 {[%clk 00:28:44]} {[%emt 00:00:16]} 49.
Rc7 {[%clk 00:25:48]} {[%emt 00:00:53]} b6 {[%clk 00:29:07]} {[%emt 00:00:08]}
50. Re7 {[%clk 00:25:59]} {[%emt 00:00:17]} Rxb2+ {[%clk 00:29:22]} {[%emt
00:00:17]} 51. Kd3 {[%clk 00:26:21]} {[%emt 00:00:07]} Rf2 {[%clk 00:29:47]}
{[%emt 00:00:04]} 52. Rh7 {[%clk 00:25:49]} {[%emt 00:01:02]} Rxf1 {[%clk
00:29:58]} {[%emt 00:00:20]} 53. Ke2 {[%emt 00:00:14]} Rf4 {[%clk 00:30:15]}
{[%emt 00:00:06]} 54. Rh1 {[%clk 00:26:35]} {[%emt 00:00:07]} Rd4 {[%clk
00:30:38]} {[%emt 00:00:07]} 55. Rb1+ {[%clk 00:26:54]} {[%emt 00:00:10]} Kc6
{[%clk 00:31:07]} {[%emt 00:00:02]} 56. Rh1 {[%clk 00:27:10]} {[%emt 00:00:14]}
b5 {[%clk 00:31:36]} {[%emt 00:00:03]} 57. Rh6+ {[%clk 00:27:29]} {[%emt
00:00:09]} Rd6 {[%clk 00:32:04]} {[%emt 00:00:02]} 58. Rh8 {[%clk 00:27:49]}
{[%emt 00:00:08]} b4 {[%clk 00:32:33]} {[%emt 00:00:04]} 59. Rc8+ {[%clk
00:28:09]} {[%emt 00:00:10]} Kb5 {[%clk 00:33:00]} {[%emt 00:00:02]} 0-1

[Event "DEM U14 2024"]
[Site "Willingen GER"]
[Date "2024.05.21"]
[Round "4"]
[White "Türel, Tugrul"]
[Black "Skembris, Simon Max"]
[Result "0-1"]
[Termination "normal"]
[Board "6"]
[WhiteElo "2070"]
[BlackElo "2009"]
[WhiteClock "00:01:20"]
[BlackClock "00:23:34"]
[PlyCount "84"]
[WhiteFideId "26338408"]
[BlackFideId "16281381"]
[EventCountry "GER"]
[EventRounds "9"]
[EventType "swiss"]
[EventDate "2024.05.18"]

1. e4 {[%clk 01:30:51]} {[%emt 00:00:09]} c5 {[%clk 01:30:53]} {[%emt
00:00:09]} 2. Nf3 {[%clk 01:31:14]} {[%emt 00:00:06]} Nc6 {[%clk 01:31:16]}
{[%emt 00:00:06]} 3. d4 {[%clk 01:31:41]} {[%emt 00:00:04]} cxd4 {[%clk
01:31:39]} {[%emt 00:00:07]} 4. Nxd4 {[%clk 01:32:08]} {[%emt 00:00:03]} g6
{[%clk 01:32:00]} {[%emt 00:00:09]} 5. c4 {[%clk 01:32:34]} {[%emt 00:00:05]}
Bg7 {[%clk 01:32:18]} {[%emt 00:00:11]} 6. Be3 {[%clk 01:33:00]} {[%emt
00:00:04]} Nf6 {[%clk 01:32:42]} {[%emt 00:00:06]} 7. Nc3 {[%clk 01:33:25]}
{[%emt 00:00:04]} O-O {[%clk 01:32:27]} {[%emt 00:00:46]} 8. Be2 {[%clk
01:33:50]} {[%emt 00:00:05]} d6 {[%clk 01:32:27]} {[%emt 00:00:30]} 9. O-O
{[%clk 01:34:11]} {[%emt 00:00:09]} Bd7 {[%clk 01:32:43]} {[%emt 00:00:14]} 10.
Qd2 {[%clk 01:34:34]} {[%emt 00:00:06]} Nxd4 {[%clk 01:32:39]} {[%emt
00:00:35]} 11. Bxd4 {[%clk 01:34:59]} {[%emt 00:00:05]} Bc6 {[%clk 01:32:55]}
{[%emt 00:00:15]} 12. f3 {[%clk 01:35:25]} {[%emt 00:00:03]} a5 {[%clk
01:33:13]} {[%emt 00:00:12]} 13. b3 {[%clk 01:35:00]} {[%emt 00:00:55]} Nd7
{[%clk 01:32:45]} {[%emt 00:00:56]} 14. Be3 {[%clk 01:35:27]} {[%emt 00:00:05]}
Nc5 {[%clk 01:32:00]} {[%emt 00:01:16]} 15. Rab1 {[%clk 01:35:51]} {[%emt
00:00:05]} Qb6 {[%clk 01:29:55]} {[%emt 00:02:36]} 16. Rfc1 {[%clk 01:35:24]}
{[%emt 00:00:57]} Qb4 {[%clk 01:27:35]} {[%emt 00:02:50]} 17. Rc2 {[%clk
01:33:23]} {[%emt 00:02:31]} Rfc8 {[%clk 01:20:57]} {[%emt 00:07:07]} 18. Qc1
{[%clk 01:27:34]} {[%emt 00:06:18]} Qb6 {[%clk 01:17:54]} {[%emt 00:03:34]} 19.
a3 {[%clk 01:27:42]} {[%emt 00:00:22]} Qd8 {[%clk 01:17:09]} {[%emt 00:01:15]}
20. b4 {[%clk 01:16:24]} {[%emt 00:11:48]} axb4 {[%clk 01:15:53]} {[%emt
00:01:45]} 21. axb4 {[%clk 01:16:46]} {[%emt 00:00:09]} Na4 {[%clk 01:14:48]}
{[%emt 00:01:35]} 22. Nxa4 {[%clk 01:13:40]} {[%emt 00:03:36]} Bxa4 {[%clk
01:11:53]} {[%emt 00:03:24]} 23. Rd2 {[%clk 01:13:43]} {[%emt 00:00:27]} Qe8
{[%clk 01:10:39]} {[%emt 00:01:45]} 24. Qf1 {[%clk 01:02:09]} {[%emt 00:12:03]}
Bc3 {[%clk 01:03:57]} {[%emt 00:07:13]} 25. Ra2 {[%clk 01:01:24]} {[%emt
00:01:14]} Bc6 {[%clk 01:02:59]} {[%emt 00:01:28]} 26. Rc2 {[%clk 00:48:14]}
{[%emt 00:13:41]} Bf6 {[%clk 00:59:14]} {[%emt 00:04:14]} 27. b5 {[%clk
00:35:57]} {[%emt 00:12:48]} Bd7 {[%clk 00:56:02]} {[%emt 00:03:42]} 28. Bb6
{[%clk 00:27:10]} {[%emt 00:09:16]} Bxb5 {[%clk 00:47:34]} {[%emt 00:08:59]}
29. Rxb5 {[%clk 00:25:30]} {[%emt 00:02:09]} Qxb5 {[%clk 00:47:37]} {[%emt
00:00:27]} 30. cxb5 {[%clk 00:25:58]} {[%emt 00:00:04]} Rxc2 {[%clk 00:47:58]}
{[%emt 00:00:08]} 31. Bd3 {[%clk 00:22:19]} {[%emt 00:04:08]} Rca2 {[%clk
00:46:48]} {[%emt 00:01:40]} 32. f4 {[%clk 00:00:58]} {[%emt 00:21:52]} Ra1
{[%clk 00:37:45]} {[%emt 00:09:33]} 33. Bb1 {[%clk 00:01:27]} {[%emt 00:00:01]}
R8a4 {[%clk 00:33:08]} {[%emt 00:05:07]} 34. Qe1 {[%clk 00:00:36]} {[%emt
00:01:21]} R4a2 {[%clk 00:30:44]} {[%emt 00:02:54]} 35. Qc1 {[%clk 00:00:35]}
{[%emt 00:00:31]} Rb2 {[%clk 00:30:30]} {[%emt 00:00:43]} 36. Qc8+ {[%clk
00:00:58]} {[%emt 00:00:08]} Kg7 {[%clk 00:30:55]} {[%emt 00:00:05]} 37. h3
{[%clk 00:01:13]} {[%emt 00:00:15]} Rbxb1+ {[%clk 00:26:29]} {[%emt 00:04:56]}
38. Kh2 {[%clk 00:01:40]} h5 {[%clk 00:24:24]} {[%emt 00:02:37]} 39. h4 {[%clk
00:01:09]} {[%emt 00:01:02]} Rh1+ {[%clk 00:23:16]} {[%emt 00:01:36]} 40. Kg3
{[%clk 00:01:37]} {[%emt 00:00:02]} Bxh4+ {[%clk 00:23:27]} {[%emt 00:00:20]}
41. Kf3 {[%clk 00:02:04]} {[%emt 00:00:02]} Rhf1+ {[%clk 00:23:24]} {[%emt
00:00:34]} 42. Ke2 {[%clk 00:01:20]} {[%emt 00:01:14]} Rfe1+ {[%clk 00:23:34]}
{[%emt 00:00:19]} 0-1

[Event "DEM U14 2024"]
[Site "Willingen GER"]
[Date "2024.05.21"]
[Round "4"]
[White "Albrecht, Neil"]
[Black "Malinowsky, Levi"]
[Result "1-0"]
[Termination "normal"]
[Board "7"]
[BlackTitle "CM"]
[WhiteElo "1938"]
[BlackElo "1990"]
[WhiteClock "00:10:37"]
[BlackClock "00:23:36"]
[PlyCount "117"]
[WhiteFideId "34621091"]
[BlackFideId "16253094"]
[EventCountry "GER"]
[EventRounds "9"]
[EventType "swiss"]
[EventDate "2024.05.18"]

1. e4 {[%clk 01:30:57]} {[%emt 00:00:02]} c5 {[%clk 01:30:55]} {[%emt
00:00:05]} 2. Nf3 {[%clk 01:31:21]} {[%emt 00:00:06]} d6 {[%clk 01:31:18]}
{[%emt 00:00:06]} 3. Nc3 {[%clk 01:31:21]} {[%emt 00:00:31]} Nf6 {[%clk
01:30:26]} {[%emt 00:01:21]} 4. d4 {[%clk 01:30:34]} {[%emt 00:01:19]} cxd4
{[%clk 01:30:30]} {[%emt 00:00:25]} 5. Qxd4 {[%clk 01:30:58]} {[%emt 00:00:07]}
Nc6 {[%clk 01:29:37]} {[%emt 00:01:22]} 6. Qe3 {[%clk 01:31:13]} {[%emt
00:00:15]} g6 {[%clk 01:28:33]} {[%emt 00:01:33]} 7. Bc4 {[%clk 01:31:18]}
{[%emt 00:00:25]} Bg7 {[%clk 01:27:42]} {[%emt 00:01:21]} 8. h3 {[%clk
01:31:37]} {[%emt 00:00:12]} O-O {[%clk 01:25:50]} {[%emt 00:02:22]} 9. O-O
{[%clk 01:31:30]} {[%emt 00:00:37]} Bd7 {[%clk 01:22:15]} {[%emt 00:04:05]} 10.
Rd1 {[%clk 01:31:25]} {[%emt 00:00:35]} Qc8 {[%clk 01:15:29]} {[%emt 00:07:15]}
11. Qe2 {[%clk 01:17:29]} {[%emt 00:14:27]} Be6 {[%clk 01:09:41]} {[%emt
00:06:18]} 12. Nd5 {[%clk 01:07:49]} {[%emt 00:10:10]} Bxd5 {[%clk 01:04:33]}
{[%emt 00:05:36]} 13. exd5 {[%clk 01:06:29]} {[%emt 00:01:52]} Na5 {[%clk
01:04:27]} {[%emt 00:00:33]} 14. Bb3 {[%clk 01:05:58]} {[%emt 00:01:03]} Nxb3
{[%clk 01:01:27]} {[%emt 00:03:31]} 15. axb3 {[%clk 01:06:18]} {[%emt
00:00:10]} Re8 {[%clk 00:58:55]} {[%emt 00:03:03]} 16. Be3 {[%clk 01:02:44]}
{[%emt 00:04:03]} Nd7 {[%clk 00:54:11]} {[%emt 00:05:14]} 17. c3 {[%clk
01:00:29]} {[%emt 00:02:45]} a6 {[%clk 00:49:55]} {[%emt 00:04:45]} 18. Bd4
{[%clk 00:56:49]} {[%emt 00:04:11]} Bxd4 {[%clk 00:46:07]} {[%emt 00:04:18]}
19. Rxd4 {[%clk 00:55:50]} {[%emt 00:01:29]} Nf6 {[%clk 00:42:23]} {[%emt
00:04:14]} 20. Qe3 {[%clk 00:52:35]} {[%emt 00:03:42]} Kg7 {[%clk 00:38:44]}
{[%emt 00:04:12]} 21. Rad1 {[%clk 00:44:44]} {[%emt 00:08:20]} e5 {[%clk
00:29:25]} {[%emt 00:09:49]} 22. dxe6 {[%clk 00:44:07]} {[%emt 00:01:08]} Rxe6
{[%clk 00:29:37]} {[%emt 00:00:17]} 23. Qg5 {[%clk 00:35:20]} {[%emt 00:09:16]}
h6 {[%clk 00:27:50]} {[%emt 00:02:20]} 24. Qd2 {[%clk 00:34:28]} {[%emt
00:01:18]} Qd7 {[%clk 00:17:53]} {[%emt 00:10:30]} 25. Rxd6 {[%clk 00:30:58]}
{[%emt 00:04:00]} Qe7 {[%clk 00:16:49]} {[%emt 00:01:33]} 26. Rxe6 {[%clk
00:29:58]} {[%emt 00:01:31]} Qxe6 {[%clk 00:17:14]} {[%emt 00:00:05]} 27. Nd4
{[%clk 00:29:51]} {[%emt 00:00:36]} Qd7 {[%clk 00:15:46]} {[%emt 00:01:57]} 28.
Re1 {[%clk 00:28:06]} {[%emt 00:02:17]} Re8 {[%clk 00:16:02]} {[%emt 00:00:14]}
29. Re3 {[%clk 00:26:37]} {[%emt 00:01:58]} Re4 {[%clk 00:14:20]} {[%emt
00:02:12]} 30. Rxe4 {[%clk 00:25:16]} {[%emt 00:01:52]} Nxe4 {[%clk 00:14:43]}
{[%emt 00:00:06]} 31. Qe3 {[%clk 00:25:17]} {[%emt 00:00:29]} Nf6 {[%clk
00:12:39]} {[%emt 00:02:35]} 32. Qe5 {[%clk 00:23:45]} {[%emt 00:02:02]} Qd5
{[%clk 00:09:53]} {[%emt 00:03:16]} 33. Qxd5 {[%clk 00:22:19]} {[%emt
00:01:57]} Nxd5 {[%clk 00:10:20]} {[%emt 00:00:02]} 34. g3 {[%clk 00:19:40]}
{[%emt 00:03:10]} Kf6 {[%clk 00:10:25]} {[%emt 00:00:23]} 35. Kf1 {[%clk
00:18:48]} {[%emt 00:01:22]} Ke5 {[%clk 00:10:25]} {[%emt 00:00:29]} 36. Ke2
{[%clk 00:18:40]} {[%emt 00:00:40]} Ke4 {[%clk 00:10:00]} {[%emt 00:00:55]} 37.
f3+ {[%clk 00:18:18]} {[%emt 00:00:51]} Ke5 {[%clk 00:10:24]} {[%emt 00:00:07]}
38. h4 {[%clk 00:12:13]} {[%emt 00:06:35]} f6 {[%clk 00:07:40]} {[%emt
00:03:13]} 39. Nc2 {[%clk 00:09:04]} {[%emt 00:03:39]} Nc7 {[%clk 00:06:25]}
{[%emt 00:01:46]} 40. Ne3 {[%clk 00:07:34]} {[%emt 00:02:00]} h5 {[%clk
00:03:08]} {[%emt 00:03:47]} 41. f4+ {[%clk 00:01:39]} {[%emt 00:06:25]} Ke4
{[%clk 00:02:16]} {[%emt 00:01:20]} 42. b4 {[%clk 00:25:16]} {[%emt 00:06:55]}
b5 {[%clk 00:26:13]} {[%emt 00:06:32]} 43. Nd1 {[%clk 00:23:26]} {[%emt
00:02:19]} Ne6 {[%clk 00:24:00]} {[%emt 00:02:44]} 44. Nf2+ {[%clk 00:22:27]}
{[%emt 00:01:30]} Kf5 {[%clk 00:24:09]} {[%emt 00:00:20]} 45. Kf3 {[%clk
00:21:37]} {[%emt 00:01:20]} g5 {[%clk 00:24:23]} {[%emt 00:00:16]} 46. fxg5
{[%clk 00:19:15]} {[%emt 00:02:53]} fxg5 {[%clk 00:24:46]} {[%emt 00:00:07]}
47. Nd3 {[%clk 00:17:24]} {[%emt 00:02:21]} Nc7 {[%clk 00:23:54]} {[%emt
00:01:21]} 48. Nc5 {[%clk 00:16:48]} {[%emt 00:01:07]} gxh4 {[%clk 00:23:53]}
{[%emt 00:00:30]} 49. gxh4 {[%clk 00:17:10]} {[%emt 00:00:09]} Ke5 {[%clk
00:23:55]} {[%emt 00:00:27]} 50. Nd3+ {[%clk 00:14:49]} {[%emt 00:02:51]} Kd5
{[%clk 00:24:13]} {[%emt 00:00:13]} 51. b3 {[%clk 00:14:21]} {[%emt 00:00:58]}
Ke6 {[%clk 00:24:13]} {[%emt 00:00:29]} 52. c4 {[%clk 00:13:51]} {[%emt
00:01:00]} Kf5 {[%clk 00:24:11]} {[%emt 00:00:32]} 53. Nf4 {[%clk 00:13:29]}
{[%emt 00:00:53]} Ke5 {[%clk 00:24:30]} {[%emt 00:00:11]} 54. Ke3 {[%clk
00:13:08]} {[%emt 00:00:51]} Kf5 {[%clk 00:24:37]} {[%emt 00:00:22]} 55. Nxh5
{[%clk 00:12:59]} {[%emt 00:00:39]} Kg4 {[%clk 00:24:56]} {[%emt 00:00:11]} 56.
Nf6+ {[%clk 00:12:54]} {[%emt 00:00:35]} Kxh4 {[%clk 00:25:20]} {[%emt
00:00:06]} 57. Nd5 {[%clk 00:11:49]} {[%emt 00:01:34]} Ne6 {[%clk 00:24:28]}
{[%emt 00:01:23]} 58. c5 {[%clk 00:11:41]} {[%emt 00:00:39]} Nd8 {[%clk
00:23:36]} {[%emt 00:01:22]} 59. Ne7 {[%clk 00:10:37]} {[%emt 00:01:33]} 1-0

[Event "DEM U14 2024"]
[Site "Willingen GER"]
[Date "2024.05.21"]
[Round "4"]
[White "Stichter, Constantin Paul"]
[Black "Lu, Yunong Elias"]
[Result "0-1"]
[Termination "normal"]
[Board "8"]
[WhiteElo "2022"]
[BlackElo "1990"]
[WhiteClock "00:16:03"]
[BlackClock "00:42:05"]
[PlyCount "54"]
[WhiteFideId "34603140"]
[BlackFideId "16276426"]
[EventCountry "GER"]
[EventRounds "9"]
[EventType "swiss"]
[EventDate "2024.05.18"]

1. Nf3 {[%clk 01:30:29]} {[%emt 00:00:30]} Nf6 {[%clk 01:30:54]} {[%emt
00:00:07]} 2. c4 {[%clk 01:30:51]} {[%emt 00:00:06]} c5 {[%clk 01:31:21]}
{[%emt 00:00:05]} 3. Nc3 {[%clk 01:30:48]} {[%emt 00:00:32]} d5 {[%clk
01:31:46]} {[%emt 00:00:05]} 4. cxd5 {[%clk 01:31:10]} {[%emt 00:00:08]} Nxd5
{[%clk 01:32:13]} {[%emt 00:00:04]} 5. g3 {[%clk 01:31:09]} {[%emt 00:00:30]}
Nc6 {[%clk 01:32:39]} {[%emt 00:00:05]} 6. Bg2 {[%clk 01:31:34]} {[%emt
00:00:05]} Nc7 {[%clk 01:33:04]} {[%emt 00:00:04]} 7. d3 {[%clk 01:29:19]}
{[%emt 00:02:45]} e5 {[%clk 01:30:32]} {[%emt 00:03:03]} 8. O-O {[%clk
01:23:53]} {[%emt 00:05:56]} Be7 {[%clk 01:30:19]} {[%emt 00:00:41]} 9. Bd2
{[%clk 01:23:56]} {[%emt 00:00:29]} O-O {[%clk 01:29:42]} {[%emt 00:01:07]} 10.
Rc1 {[%clk 01:24:14]} {[%emt 00:00:12]} f6 {[%clk 01:26:21]} {[%emt 00:03:51]}
11. Ne1 {[%clk 01:08:14]} {[%emt 00:16:30]} Bd7 {[%clk 01:26:03]} {[%emt
00:00:47]} 12. Nc2 {[%clk 01:02:17]} {[%emt 00:06:27]} b6 {[%clk 01:23:31]}
{[%emt 00:03:02]} 13. Ne3 {[%clk 01:02:25]} {[%emt 00:00:22]} Rc8 {[%clk
01:23:50]} {[%emt 00:00:11]} 14. Ned5 {[%clk 00:58:38]} {[%emt 00:04:18]} Nxd5
{[%clk 01:22:56]} {[%emt 00:01:22]} 15. Bxd5+ {[%clk 00:51:04]} {[%emt
00:08:05]} Kh8 {[%clk 01:23:16]} {[%emt 00:00:09]} 16. Bg2 {[%clk 00:44:26]}
{[%emt 00:07:10]} Be6 {[%clk 01:21:43]} {[%emt 00:02:02]} 17. Qa4 {[%clk
00:44:25]} {[%emt 00:00:31]} Qd7 {[%clk 01:22:08]} {[%emt 00:00:06]} 18. Rfd1
{[%clk 00:37:36]} {[%emt 00:07:19]} Rfd8 {[%clk 01:19:43]} {[%emt 00:02:55]}
19. Be1 {[%clk 00:32:41]} {[%emt 00:05:24]} Bh3 {[%clk 01:08:07]} {[%emt
00:12:06]} 20. Bxh3 {[%clk 00:31:57]} {[%emt 00:01:14]} Qxh3 {[%clk 01:08:29]}
{[%emt 00:00:07]} 21. e3 {[%clk 00:31:57]} {[%emt 00:00:30]} f5 {[%clk
01:04:52]} {[%emt 00:04:08]} 22. Ne2 {[%clk 00:26:13]} {[%emt 00:06:15]} Rd6
{[%clk 01:03:49]} {[%emt 00:01:32]} 23. Qc4 {[%clk 00:20:53]} {[%emt 00:05:51]}
Rcd8 {[%clk 00:57:35]} {[%emt 00:06:42]} 24. d4 {[%clk 00:16:11]} {[%emt
00:05:14]} Rh6 {[%clk 00:43:47]} {[%emt 00:14:17]} 25. Nc3 {[%clk 00:15:42]}
{[%emt 00:00:59]} exd4 {[%clk 00:43:01]} {[%emt 00:01:16]} 26. exd4 {[%clk
00:15:45]} {[%emt 00:00:26]} Nxd4 {[%clk 00:41:58]} {[%emt 00:01:34]} 27. Rxd4
{[%clk 00:16:03]} {[%emt 00:00:12]} cxd4 {[%clk 00:42:05]} {[%emt 00:00:23]}
0-1